000 00300 a2200145 4500
001 152183
040 _cEscola São Tomás de Aquino
100 _aMACIEL, Maria Esther
240 1 0 _aTriz
_lpor
245 1 0 _aTriz
300 _a85
362 0 _a1998
697 _a*LITERATURA JUVENIL
942 _cBK
999 _c152183
_d152183